000 00591nam a2200157 a 4500
001 000030930
005 20200930062609.0
008 110607s1941 dr 000 0 spa d
040 _aDO-SdBNP
_bspa
_cBNPHU
100 1 _aSánchez y Sánchez, Carlos Agusto
_957446
245 1 4 _aLos problemas de la seguridad continental en el derecho internacional de américa /
_cCarlos Agusto.
260 _aCiudad Trujillo, República Dominicana :
_bImprenta Montalvo,
_c1941.
300 _a153 p. ;
_c22 cm.
500 _aIncluye referencias bibliográficas y notas al pie de las páginas
049 _aBNPD
999 _c30422
_d30422